| 000 | 00443pab a2200157 454500 | ||
|---|---|---|---|
| 008 | 180718b2006 xxu||||| |||| 00| 0 eng d | ||
| 100 | _aLuke, Nancy | ||
| 245 | _aExchange and condom use in informal sexual relationships in urban Kenya | ||
| 260 | _c2006 | ||
| 300 | _ap.319-48. | ||
| 362 | _aJan | ||
| 650 | _aSexual behaviour - Kenya | ||
| 650 | _aSexual behaviour | ||
| 773 | _aEconomic Development and Cultural Change | ||
| 909 | _a71178 | ||
| 999 |
_c71178 _d71178 |
||